| 000 | 00000cam 2200000zi 4500 |
| 001 | 9.952853 |
| 003 | CaOODSP |
| 005 | 20260409105753 |
| 006 | m o d f |
| 007 | cr mn||||||||| |
| 008 | 250630t20252025onca o f000 0 eng d |
| 020 | |a9780660779898 |
| 040 | |aCaOODSP|beng|erda|cCaOODSP |
| 041 | 0 |aeng|beng|bfre |
| 043 | |an-cn--- |
| 045 | |ay2y2 |
| 086 | 1 |aCi4-194/2025E-PDF |
| 245 | 00|a2024-25 International Experience Canada (IEC) youth study : |bfinal report / |cprepared for Immigration, Refugees and Citizenship Canada. |
| 264 | 1|aOttawa, Ontario : |bImmigration, Refugees and Citizenship Canada, |c2025. |
| 264 | 4|c©2025 |
| 300 | |a1 online resource (78 pages) : |bcolour illustrations + |eappendix (109 unnumbered pages : colour illustrations) |
| 336 | |atext|btxt|2rdacontent |
| 337 | |acomputer|bc|2rdamedia |
| 338 | |aonline resource|bcr|2rdacarrier |
| 500 | |aThe Final report in PDF format was replaced on 7-04-2026 as requested by Immigration, Refugees and Citizenship Canada. |
| 500 | |aIssued also in French under title: Étude 2024-2025 auprès des jeunes sur Expérience internationale Canada (EIC) : rapport final. |
| 500 | |a"Supplier name: Earnscliffe Strategy Group." |
| 500 | |a"Contract number: CW2381896." |
| 500 | |a"Delivery date: February 28, 2025." |
| 500 | |a"Registration number: POR # 074-24." |
| 520 | |a"The 2024-25 International Experience Canada (IEC) Study was intended to gather information about both IEC participants and non-participants (including communities of interest such as economically disadvantaged youth), to inform policy development and communications, including development of new and targeted promotion and communication products, and identify barriers that IEC could address"--Executive summary, page 1. |
| 546 | |aText in English; Appendix C in English and French. |
| 650 | 0|aCanadians|xEmployment|zForeign countries|xPublic opinion. |
| 650 | 0|aYoung adults|xEmployment|zForeign countries|xPublic opinion. |
| 650 | 0|aEmployment in foreign countries|xGovernment policy|zCanada|xPublic opinion. |
| 650 | 0|aPublic opinion|zCanada. |
| 650 | 0|aYoung adults|zCanada|xAttitudes. |
| 710 | 1 |aCanada. |bImmigration, Refugees and Citizenship Canada, |eissuing body. |
| 710 | 2 |aEarnscliffe Strategy Group, |econsultant. |
| 775 | 08|tÉtude 2024-2025 auprès des jeunes sur Expérience internationale Canada (EIC) : |w(CaOODSP)9.952852 |
| 794 | |t2025-26 International Experience Canada (IEC) youth study : |w(CaOODSP)9.961753 |
| 795 | |t2023-24 International Experience Canada (IEC) study : |w(CaOODSP)9.936328 |
| 856 | 40|qPDF|s2.51 MB|uhttps://publications.gc.ca/collections/collection_2025/ircc/Ci4-194-2025-eng.pdf|zFinal report |
| 856 | 40|qPDF|s2.65 MB|uhttps://publications.gc.ca/collections/collection_2025/ircc/Ci4-194-2025-1.pdf|zAppendix C |
| 856 | 4 |qHTML|sS.O.|uhttps://epe.bac-lac.gc.ca/100/200/301/pwgsc-tpsgc/por-ef/immigration_refugees/2025/074-24-e/074-24-report.html|zFinal report |
| 856 | 4 |qHTML|sN/A|uhttps://epe.bac-lac.gc.ca/100/200/301/pwgsc-tpsgc/por-ef/immigration_refugees/2025/074-24-e/index.html|zComplete dataset |